Training students for profession in Physics course with implementation of information and communication technologies; Journal of International Scientific Publication: Educational Alternatives; Vol. 9, part 3

Dades bibliogràfiques
Parent link:Journal of International Scientific Publication: Educational Alternatives.— , 2011
Vol. 9, part 3.— 2011.— P. 21-30
Autor principal: Lisichko E. V. Elena Vladimirovna
Altres autors: Larionov V. V. Vitaliy Vasilyevich, Lider A. M. Andrey Markovich
Sumari:Материалы II Международной конференции "Образование, исследования и развитие", Солнечный берег, Болгария, 9-13 сентября 2011 г.
В фонде НТБ ТПУ отсутствует
Idioma:rus
Publicat: 2011
Matèries:
Format: Capítol de llibre
KOHA link:https://koha.lib.tpu.ru/cgi-bin/koha/opac-detail.pl?biblionumber=598816

MARC

LEADER 00000naa0a2200000 4500
001 598816
005 20250712062927.0
035 |a (RuTPU)RU\TPU\tpu\22614 
090 |a 598816 
100 |a 20130203d2011 k||y0rusy50 ba 
101 0 |a rus 
102 |a BG 
200 1 |a Training students for profession in Physics course with implementation of information and communication technologies  |f E. V. Lisichko, V. V. Larionov, A. M. Lider 
300 |a Материалы II Международной конференции "Образование, исследования и развитие", Солнечный берег, Болгария, 9-13 сентября 2011 г. 
320 |a References: p. 30 (9 tit.) 
333 |a В фонде НТБ ТПУ отсутствует 
461 |t Journal of International Scientific Publication: Educational Alternatives  |d 2011 
463 |t Vol. 9, part 3  |v P. 21-30  |d 2011 
610 1 |a труды учёных ТПУ 
700 1 |a Lisichko  |b E. V.  |c physicist  |c Associate Professor of Tomsk Polytechnic University, Candidate of pedagogical sciences  |f 1972-  |g Elena Vladimirovna  |3 (RuTPU)RU\TPU\pers\31444  |9 15606 
701 1 |a Larionov  |b V. V.  |c physicist  |c Professor of Tomsk Polytechnic University, Doctor of Pedagogical Sciences  |f 1945-  |g Vitaliy Vasilyevich  |3 (RuTPU)RU\TPU\pers\30307  |4 070  |9 14653 
701 1 |a Lider  |b A. M.  |c Physicist  |c Professor of Tomsk Polytechnic University, Doctor of Technical Sciences  |f 1976-2025  |g Andrey Markovich  |y Tomsk  |9 14743 
801 1 |a RU  |b 63413507  |c 20130203 
801 2 |a RU  |b 63413507  |c 20131102  |g RCR 
942 |c CR